Statistiques concernant Les 15 langues les plus parlées au monde

Cliquez ici pour prendre le quiz!

Statistiques générales

  • Ce quiz a été pris 758 fois
  • Le résultat moyen est 9 sur 15

Statistiques - réponses

RangNombre de personnes parlant cette langueRéponse% Correct
11,452 milliardAnglais
100%
5274,1 millionsFrançais
99%
4548,3 millionsEspagnol
98%
9257,7 millionsPortugais
89%
6274,0 millionsArabe standard moderne
87%
21,118 milliardMandarin
84%
8258,2 millionsRusse
83%
12134,6 millionsAllemand standard
80%
13125,4 millionsJaponais
70%
3602,2 millionsHindi
39%
11199,0 millionsIndonésien
18%
7272,7 millionsBengali
13%
10231,3 millionsOurdou
10%
14120,7 millionsPidgin nigérian
3%
1599,1 millionsMarathi
2%

Distribution des résultats

Percentile par nombre de réponses

% des personnes avec chaque résultat

Votre développement - résultats

Vous n’avez pas pris ce quiz